[Event "North Bay int."]
[Site "North Bay CAN"]
[Date "1999.08.07"]
[Round "7"]
[White "Ochkoos, Jura"]
[Black "Charest, Johanne"]
[Result "0-1"]
[WhiteElo "2305"]
[BlackElo "2123"]
[PlyCount "74"]
[GameId "2160767911742689"]
[EventDate "1999.08.04"]
[EventType "swiss"]
[EventRounds "9"]
[EventCountry "CAN"]
[SourceTitle "EXT 2000"]
[Source "ChessBase"]
[SourceDate "1999.11.18"]
[SourceVersion "1"]
[SourceVersionDate "1999.11.18"]
[SourceQuality "1"]

1. d4 d5 2. c4 e6 3. Nc3 c5 4. cxd5 cxd4 5. Qa4+ Bd7 6. Qxd4 exd5 7. Qxd5 Nc6 8. Nf3 Nf6 9. Qd1 Bc5 10. e3 Qe7 11. Be2 O-O-O 12. Bd2 Kb8 13. a3 g5 14. Qc2 h6 15. b4 Bd6 16. Nb5 g4 17. Nfd4 Nxd4 18. Nxd4 Rc8 19. Qd3 Be5 20. Rc1 Rxc1+ 21. Bxc1 Rc8 22. Bd2 Qd6 23. g3 Qd5 24. O-O Ne4 25. f4 Bxd4 26. exd4 Nxd2 27. Qxd2 Bc6 28. Kf2 Qg2+ 29. Ke1 Re8 30. Qd3 Bf3 31. Rf2 Qg1+ 32. Rf1 Qxh2 33. Rxf3 gxf3 34. Qxf3 Qg1+ 35. Kd2 Qxd4+ 36. Qd3 Qxd3+ 37. Kxd3 f5 0-1

[Event "North Bay int."]
[Site "North Bay CAN"]
[Date "1999.08.07"]
[Round "7"]
[White "Olson, David L"]
[Black "Saleh, Maher"]
[Result "1/2-1/2"]
[WhiteElo "2127"]
[BlackElo "2220"]
[PlyCount "91"]
[GameId "2160767911742690"]
[EventDate "1999.08.04"]
[EventType "swiss"]
[EventRounds "9"]
[EventCountry "CAN"]
[SourceTitle "EXT 2000"]
[Source "ChessBase"]
[SourceDate "1999.11.18"]
[SourceVersion "1"]
[SourceVersionDate "1999.11.18"]
[SourceQuality "1"]

1. e4 Nf6 2. e5 Nd5 3. d4 d6 4. c4 Nb6 5. exd6 cxd6 6. Nc3 g6 7. h3 Bg7 8. Nf3 O-O 9. Be3 Bf5 10. Be2 Nc6 11. O-O d5 12. c5 Nc4 13. Bxc4 dxc4 14. Re1 Nb4 15. Re2 Nd5 16. Rc1 b6 17. b3 Nxe3 18. fxe3 cxb3 19. c6 Bc2 20. Rexc2 bxc2 21. Rxc2 Qd6 22. d5 Rfc8 23. Nb5 Qg3 24. Qd3 Be5 25. Rc4 h5 26. Nxe5 Qxe5 27. Re4 Qf6 28. Rf4 Qa1+ 29. Kh2 Qxa2 30. e4 Qb2 31. Nd4 a5 32. e5 a4 33. e6 f5 34. Nxf5 gxf5 35. Rxf5 a3 36. Qg3+ Qg7 37. Rg5 Qxg5 38. Qxg5+ Kh8 39. Qxh5+ Kg8 40. Qg5+ Kh8 41. Qxe7 a2 42. Qf6+ Kh7 43. Qa1 Rc7 44. d6 Rxc6 45. d7 Rxe6 46. Qxa2 1/2-1/2

[Event "North Bay int."]
[Site "North Bay CAN"]
[Date "1999.08.07"]
[Round "7"]
[White "Olszewski, Piotr"]
[Black "Burnett, Ronald"]
[Result "0-1"]
[WhiteElo "2273"]
[BlackElo "2423"]
[PlyCount "100"]
[GameId "2160767911742691"]
[EventDate "1999.08.04"]
[EventType "swiss"]
[EventRounds "9"]
[EventCountry "CAN"]
[SourceTitle "EXT 2000"]
[Source "ChessBase"]
[SourceDate "1999.11.18"]
[SourceVersion "1"]
[SourceVersionDate "1999.11.18"]
[SourceQuality "1"]

1. d4 e6 2. Nf3 b6 3. c4 Bb7 4. a3 f5 5. Nc3 Nf6 6. g3 Be7 7. Bg2 O-O 8. O-O Ne4 9. Qc2 Bf6 10. e3 Nxc3 11. Qxc3 c5 12. b3 Nc6 13. Bb2 Rc8 14. Ne5 cxd4 15. exd4 Nxd4 16. Qxd4 Bxg2 17. Kxg2 d6 18. Qe3 dxe5 19. Bxe5 Rc5 20. Bxf6 Qxf6 21. Rfe1 Re8 22. Rac1 e5 23. Rcd1 a5 24. a4 h6 25. Qd3 Kh7 26. Qd7 Re6 27. Qd8 Qg6 28. Qf8 Rf6 29. Qb8 f4 30. Rd8 Qf7 31. Rh8+ Kg6 32. Qe8 f3+ 33. Kg1 Re6 34. Qxf7+ Kxf7 35. Rd8 Ke7 36. Red1 Rc7 37. h3 e4 38. R8d4 Rc5 39. g4 h5 40. Re1 Rce5 41. Re3 Kf6 42. Kh2 Kg5 43. Kg3 h4+ 44. Kh2 Kf4 45. Kg1 Rc5 46. Kf1 Rcc6 47. Re1 Rcd6 48. Rexe4+ Rxe4 49. Rxd6 Re2 50. Rxb6 Rb2 0-1

[Event "North Bay int."]
[Site "North Bay CAN"]
[Date "1999.08.07"]
[Round "7"]
[White "Paschall, William M"]
[Black "Yee, Lorne"]
[Result "0-1"]
[WhiteElo "2332"]
[BlackElo "2084"]
[PlyCount "146"]
[GameId "2160767911742692"]
[EventDate "1999.08.04"]
[EventType "swiss"]
[EventRounds "9"]
[EventCountry "CAN"]
[SourceTitle "EXT 2000"]
[Source "ChessBase"]
[SourceDate "1999.11.18"]
[SourceVersion "1"]
[SourceVersionDate "1999.11.18"]
[SourceQuality "1"]

1. Nf3 d5 2. d4 Nf6 3. c4 e6 4. Nc3 c6 5. Bg5 Nbd7 6. e3 Qa5 7. Nd2 dxc4 8. Bxf6 Nxf6 9. Nxc4 Qc7 10. g3 Bd7 11. Bg2 c5 12. d5 exd5 13. Nxd5 Nxd5 14. Qxd5 Rb8 15. Qe5+ Qxe5 16. Nxe5 Be6 17. Bf1 Bd6 18. Nc4 Bc7 19. a4 Ke7 20. O-O-O Rhd8 21. Be2 f6 22. h4 Rxd1+ 23. Rxd1 Rd8 24. Rxd8 Kxd8 25. Kc2 g5 26. h5 h6 27. Kd3 f5 28. f4 Ke7 29. Bf3 b6 30. Na3 Kf6 31. Nb5 Bb8 32. Nc3 Bf7 33. Nd5+ Ke6 34. b4 g4 35. Bg2 Bd6 36. b5 Bxh5 37. e4 fxe4+ 38. Bxe4 Be8 39. Bh7 Kf7 40. Ne3 h5 41. Nc4 Be7 42. Ne5+ Kg7 43. Be4 Bf6 44. Nc6 Bf7 45. Nxa7 c4+ 46. Kc2 Bd4 47. Nc8 Be6 48. Nd6 Kf6 49. Bh7 Bd5 50. Be4 Be6 51. Ne8+ Kf7 52. Nc7 Bf2 53. Na8 h4 54. gxh4 g3 55. Kd2 Bh3 56. a5 bxa5 57. Bd5+ Kf6 58. Nc7 g2 59. Bxg2 Bxg2 60. Kc3 Bb6 61. Ne8+ Ke7 62. Ng7 Bd5 63. h5 Bc7 64. Nf5+ Kf6 65. h6 Kxf5 66. Kd4 Bxf4 67. Kxd5 c3 68. h7 Be5 69. b6 c2 70. b7 c1=Q 71. h8=Q Qd2+ 72. Kc6 Qc3+ 73. Kd7 Qc7+ 0-1

[Event "North Bay int."]
[Site "North Bay CAN"]
[Date "1999.08.07"]
[Round "7"]
[White "Safranska, Anda"]
[Black "Hebert, Jean"]
[Result "1/2-1/2"]
[WhiteElo "2267"]
[BlackElo "2454"]
[PlyCount "63"]
[GameId "2160767911742694"]
[EventDate "1999.08.04"]
[EventType "swiss"]
[EventRounds "9"]
[EventCountry "CAN"]
[SourceTitle "EXT 2000"]
[Source "ChessBase"]
[SourceDate "1999.11.18"]
[SourceVersion "1"]
[SourceVersionDate "1999.11.18"]
[SourceQuality "1"]

1. e4 c5 2. Nf3 Nc6 3. Bb5 g6 4. Bxc6 dxc6 5. d3 Bg7 6. h3 Qc7 7. Nc3 e5 8. Be3 b6 9. O-O Nf6 10. Qd2 O-O 11. Rae1 Nh5 12. Bh6 f6 13. Bxg7 Qxg7 14. Kh2 Nf4 15. Ne2 Ne6 16. Ng3 Rd8 17. b3 a5 18. a4 Ra7 19. Ng1 h5 20. h4 Nf4 21. N3e2 g5 22. g3 Ne6 23. Nf3 g4 24. Nfg1 Nd4 25. Nxd4 cxd4 26. Ra1 c5 27. Qe2 Rf8 28. f4 gxf3 29. Qxf3 Qg6 30. Rf2 Bg4 31. Qg2 Kf7 32. Nf3 1/2-1/2

[Event "North Bay int."]
[Site "North Bay CAN"]
[Date "1999.08.07"]
[Round "7"]
[White "Seawald, Dennis"]
[Black "Olson, David L"]
[Result "1-0"]
[WhiteElo "2174"]
[BlackElo "2127"]
[PlyCount "89"]
[GameId "2160767911742695"]
[EventDate "1999.08.04"]
[EventType "swiss"]
[EventRounds "9"]
[EventCountry "CAN"]

1. e4 e5 2. Nf3 Nc6 3. Bb5 a6 4. Ba4 Nf6 5. O-O Be7 6. Re1 b5 7. Bb3 O-O 8. d3 Bb7 9. c3 d5 10. exd5 Nxd5 11. Nxe5 Nxe5 12. Rxe5 Nf6 13. Bg5 Qd6 14. d4 Rae8 15. Nd2 Ne4 16. Bxe7 Rxe7 17. Nxe4 Bxe4 18. Rxe7 Qxe7 19. Qe2 Re8 20. f3 Bf5 21. Qxe7 Rxe7 22. Kf2 Kf8 23. Re1 Rxe1 24. Kxe1 Ke7 25. Kd2 f6 26. Bc2 Be6 27. h3 h6 28. g4 Kd6 29. Ke3 c5 30. dxc5+ Kxc5 31. b4+ Kd6 32. Bb3 Bd7 33. c4 g5 34. Kd4 bxc4 35. Bxc4 Bc8 36. a4 Bb7 37. Ke3 Ke5 38. a5 f5 39. gxf5 Kxf5 40. Bd3+ Ke5 41. b5 axb5 42. Bxb5 g4 43. fxg4 Kf6 44. a6 Bg2 45. Bd3 1-0

[Event "North Bay int."]
[Site "North Bay CAN"]
[Date "1999.08.07"]
[Round "7"]
[White "Stroud, Mike"]
[Black "Nakamura, Hikaru"]
[Result "0-1"]
[WhiteElo "2215"]
[BlackElo "2204"]
[PlyCount "74"]
[GameId "2160767911742696"]
[EventDate "1999.08.04"]
[EventType "swiss"]
[EventRounds "9"]
[EventCountry "CAN"]

1. d4 Nf6 2. c4 g6 3. Nc3 Bg7 4. e4 d6 5. Nf3 O-O 6. Be2 e5 7. Be3 c6 8. dxe5 dxe5 9. Qc2 Qe7 10. O-O h6 11. Nd2 Be6 12. c5 Nbd7 13. Na4 Ne8 14. f3 f5 15. Bc4 Nc7 16. Rad1 Kh8 17. b4 f4 18. Bf2 g5 19. Nb3 Nf6 20. Nb2 g4 21. Bxe6 Nxe6 22. Bh4 gxf3 23. gxf3 Qf7 24. Nc4 Qh5 25. Qf2 Qg6+ 26. Qg2 Qh5 27. Qf2 Nh7 28. Nd6 Bf6 29. Bxf6+ Rxf6 30. Nf5 Nhg5 31. Kh1 Rg8 32. Qh4 Qxh4 33. Nxh4 Nh3 34. Rd7 Rg5 35. Rxb7 Rf8 36. Rd7 Rfg8 37. Rfd1 Rg1+ 0-1

[Event "North Bay int."]
[Site "North Bay CAN"]
[Date "1999.08.07"]
[Round "7"]
[White "Taylor, Gordon"]
[Black "Dougherty, Michael"]
[Result "1/2-1/2"]
[WhiteElo "2301"]
[BlackElo "2257"]
[PlyCount "119"]
[GameId "2160767911742697"]
[EventDate "1999.08.04"]
[EventType "swiss"]
[EventRounds "9"]
[EventCountry "CAN"]
[SourceTitle "EXT 2000"]
[Source "ChessBase"]
[SourceDate "1999.11.18"]
[SourceVersion "1"]
[SourceVersionDate "1999.11.18"]
[SourceQuality "1"]

1. d4 d5 2. Nf3 c6 3. c4 Nf6 4. Nc3 e6 5. e3 Nbd7 6. Bd3 dxc4 7. Bxc4 b5 8. Bd3 Bb7 9. e4 b4 10. Na4 c5 11. e5 Nd5 12. O-O cxd4 13. Re1 g6 14. Bg5 Be7 15. Bh6 Bf8 16. Qd2 Bxh6 17. Qxh6 Qe7 18. Nxd4 Qf8 19. Qd2 Qe7 20. Bb5 O-O 21. Nc6 Qh4 22. Na5 Bc8 23. Bc6 Rb8 24. Bxd5 exd5 25. Qxd5 Nb6 26. Nxb6 Rxb6 27. Qc5 Be6 28. Nc6 Qc4 29. Rec1 Qxc5 30. Rxc5 b3 31. a4 Kg7 32. a5 Rb7 33. Nd4 Rd8 34. Nxe6+ fxe6 35. a6 Rbd7 36. g3 Rd2 37. Rc7+ Kh6 38. Rxa7 Rxb2 39. Rb7 Ra2 40. Rf1 Rxa6 41. Rxb3 Rd2 42. Re1 Raa2 43. Rf3 Re2 44. Rxe2 Rxe2 45. Re3 Rb2 46. h4 g5 47. hxg5+ Kxg5 48. Rf3 Re2 49. Rf7 h5 50. Rf8 h4 51. Kg2 hxg3 52. Kxg3 Ra2 53. Rf6 Ra3+ 54. f3 Ra6 55. Kf2 Ra3 56. Kg3 Ra6 57. Rf8 Ra3 58. Rf7 Re3 59. Rf8 Ra3 60. Rf6 1/2-1/2

[Event "North Bay int."]
[Site "North Bay CAN"]
[Date "1999.08.07"]
[Round "7"]
[White "Weeramantry, Sunil"]
[Black "Pushkedra, Frank"]
[Result "0-1"]
[WhiteElo "2252"]
[BlackElo "2345"]
[PlyCount "72"]
[GameId "2160767911742698"]
[EventDate "1999.08.04"]
[EventType "swiss"]
[EventRounds "9"]
[EventCountry "CAN"]
[SourceTitle "EXT 2000"]
[Source "ChessBase"]
[SourceDate "1999.11.18"]
[SourceVersion "1"]
[SourceVersionDate "1999.11.18"]
[SourceQuality "1"]

1. e4 c5 2. Nc3 g6 3. f4 Bg7 4. Nf3 Nc6 5. Bc4 Nd4 6. O-O e6 7. Nxd4 cxd4 8. Nb5 d5 9. exd5 exd5 10. Bxd5 Ne7 11. Bc4 a6 12. Na3 b5 13. Bd3 O-O 14. c4 Bb7 15. b3 Nc6 16. Nc2 Re8 17. Ba3 Qh4 18. Rf2 g5 19. g3 Qh6 20. fxg5 Qxg5 21. Rf5 Qg6 22. Qf1 Qh6 23. Rxf7 Rab8 24. Qf4 Ne5 25. Qxh6 Bxh6 26. Rxb7 Rxb7 27. Be4 Rd7 28. d3 Bg7 29. Kg2 bxc4 30. bxc4 Nxc4 31. Re1 Nxa3 32. Nxa3 Rb8 33. Nc4 Rb4 34. Bf5 Rd8 35. Re7 h6 36. Rd7 Rf8 0-1

[Event "North Bay int."]
[Site "North Bay CAN"]
[Date "1999.08.07"]
[Round "7"]
[White "Zambo, Victor"]
[Black "Ademi, Sami"]
[Result "0-1"]
[WhiteElo "2202"]
[BlackElo "2250"]
[PlyCount "54"]
[GameId "2160767911742699"]
[EventDate "1999.08.04"]
[EventType "swiss"]
[EventRounds "9"]
[EventCountry "CAN"]

1. e4 c5 2. Nc3 g6 3. g3 Bg7 4. Bg2 Nc6 5. d3 e6 6. Be3 d6 7. Qd2 Nge7 8. Nge2 O-O 9. h4 Ne5 10. Bh6 Bxh6 11. Qxh6 Ng4 12. Qd2 Nc6 13. f3 Nge5 14. O-O-O b5 15. Rdf1 b4 16. Nd1 c4 17. Rh2 cxd3 18. cxd3 d5 19. Nf2 dxe4 20. fxe4 Ba6 21. Rd1 Qb6 22. Ng1 Rac8 23. Kb1 Nd4 24. h5 Rc2 25. Qe3 b3 26. a3 Qc5 27. Ngh3 Rxb2+ 0-1

[Event "North Bay int."]
[Site "North Bay CAN"]
[Date "1999.08.07"]
[Round "7"]
[White "Zugic, Igor"]
[Black "Chatzilias, Alexis"]
[Result "1-0"]
[WhiteElo "2406"]
[BlackElo "2046"]
[PlyCount "43"]
[GameId "2160767911742700"]
[EventDate "1999.08.04"]
[EventType "swiss"]
[EventRounds "9"]
[EventCountry "CAN"]
[SourceTitle "EXT 2000"]
[Source "ChessBase"]
[SourceDate "1999.11.18"]
[SourceVersion "1"]
[SourceVersionDate "1999.11.18"]
[SourceQuality "1"]

1. d4 Nf6 2. Nf3 c5 3. c4 cxd4 4. Nxd4 e5 5. Nb5 d5 6. cxd5 Bc5 7. N5c3 O-O 8. g3 Ng4 9. e3 f5 10. Be2 Nf6 11. a3 a5 12. Nd2 Kh8 13. Nc4 f4 14. Nxe5 fxe3 15. Bxe3 Bxe3 16. fxe3 Qe7 17. Qd4 Re8 18. Nc4 b5 19. Nb6 Qa7 20. Nxa8 Qxd4 21. exd4 b4 22. Nc7 1-0

[Event "North Bay int."]
[Site "North Bay CAN"]
[Date "1999.08.07"]
[Round "8"]
[White "Ademi, Sami"]
[Black "O'Donnell, Robert"]
[Result "1-0"]
[WhiteElo "2250"]
[BlackElo "1958"]
[PlyCount "99"]
[GameId "2160767911742701"]
[EventDate "1999.08.04"]
[EventType "swiss"]
[EventRounds "9"]
[EventCountry "CAN"]

1. e4 c5 2. Nf3 Nc6 3. d4 cxd4 4. Nxd4 Nf6 5. Nc3 d6 6. Bc4 Qb6 7. Nb3 a6 8. O-O e6 9. a4 Be7 10. a5 Qc7 11. Be2 O-O 12. Be3 Bd7 13. f4 Nb4 14. Bb6 Qc8 15. Bf3 d5 16. e5 Ne8 17. f5 exf5 18. Nxd5 Nxd5 19. Bxd5 Nc7 20. c4 Nxd5 21. cxd5 Bb5 22. Rc1 Qe8 23. Rxf5 g6 24. Rf3 Bg5 25. Bd4 Bxc1 26. Qxc1 Be2 27. Rc3 Qd7 28. Qd2 Bb5 29. d6 Qf5 30. h3 Bc6 31. Nc5 Rae8 32. Re3 Qg5 33. h4 Qf5 34. Bc3 Qf4 35. Qe1 Qc4 36. Qf2 Re6 37. Kh2 Ree8 38. Rg3 Qd5 39. Rd3 Qc4 40. Qg3 Qa2 41. Rd2 Qc4 42. d7 Rd8 43. Rd4 Qe2 44. Bd2 Kg7 45. Bg5 h6 46. Bf6+ Kh7 47. Rd6 h5 48. e6 fxe6 49. Rxe6 Qc2 50. Re7+ 1-0

[Event "North Bay int."]
[Site "North Bay CAN"]
[Date "1999.08.07"]
[Round "8"]
[White "Baragar, Fletcher"]
[Black "Fernandez, Daniel"]
[Result "1/2-1/2"]
[WhiteElo "2305"]
[BlackElo "2057"]
[PlyCount "64"]
[GameId "2160767911742702"]
[EventDate "1999.08.04"]
[EventType "swiss"]
[EventRounds "9"]
[EventCountry "CAN"]
[SourceTitle "EXT 2000"]
[Source "ChessBase"]
[SourceDate "1999.11.18"]
[SourceVersion "1"]
[SourceVersionDate "1999.11.18"]
[SourceQuality "1"]

1. d4 d5 2. c4 e6 3. Nc3 c6 4. e3 Nf6 5. Nf3 Nbd7 6. Bd3 dxc4 7. Bxc4 b5 8. Be2 a6 9. e4 b4 10. e5 bxc3 11. exf6 cxb2 12. fxg7 bxa1=Q 13. gxh8=Q Qa5+ 14. Bd2 Q5xa2 15. O-O Qxd1 16. Rxd1 h6 17. Ne5 Nxe5 18. dxe5 Bd7 19. Qf6 Be7 20. Qh8+ Bf8 21. Qf6 Be7 22. Qxh6 O-O-O 23. Qe3 c5 24. Qf3 Kb8 25. Be3 Bb5 26. Rxd8+ Bxd8 27. Bxb5 axb5 28. g3 b4 29. Qc6 b3 30. Bxc5 b2 31. Bd6+ Ka7 32. Bc5+ Kb8 1/2-1/2

[Event "North Bay int."]
[Site "North Bay CAN"]
[Date "1999.08.07"]
[Round "8"]
[White "Beckwith, Paul"]
[Black "Palsson, Halldor"]
[Result "1/2-1/2"]
[WhiteElo "2199"]
[BlackElo "2182"]
[PlyCount "76"]
[GameId "2160767911742703"]
[EventDate "1999.08.04"]
[EventType "swiss"]
[EventRounds "9"]
[EventCountry "CAN"]
[SourceTitle "EXT 2000"]
[Source "ChessBase"]
[SourceDate "1999.11.18"]
[SourceVersion "1"]
[SourceVersionDate "1999.11.18"]
[SourceQuality "1"]

1. e4 e6 2. d4 d5 3. exd5 exd5 4. Bd3 Bd6 5. Ne2 Nf6 6. b3 O-O 7. c4 c5 8. Bb2 cxd4 9. Nxd4 Re8+ 10. Kf1 Bg4 11. Qc2 dxc4 12. Qxc4 Nbd7 13. Nd2 Ne5 14. Qc2 Rc8 15. Nc4 Nxd3 16. Qxd3 Bb4 17. f3 Bh5 18. Kf2 b5 19. Ne3 a6 20. Rhc1 Bg6 21. Rxc8 Qxc8 22. Qd1 Nh5 23. Rc1 Qd8 24. g3 Qd7 25. a3 Bf8 26. Qd2 Qh3 27. Nf1 Nf6 28. Ne2 Qf5 29. Kg2 Qd3 30. Qxd3 Bxd3 31. Nf4 Bf5 32. g4 Be6 33. Nxe6 Rxe6 34. Rc2 Nd5 35. Kf2 Nf4 36. Rd2 h6 37. b4 Bd6 38. Ng3 Nh3+ 1/2-1/2

[Event "North Bay int."]
[Site "North Bay CAN"]
[Date "1999.08.07"]
[Round "8"]
[White "Betaneli, Alexander"]
[Black "Chatzilias, Alexis"]
[Result "1/2-1/2"]
[WhiteElo "2261"]
[BlackElo "2046"]
[PlyCount "110"]
[GameId "2160767911742704"]
[EventDate "1999.08.04"]
[EventType "swiss"]
[EventRounds "9"]
[EventCountry "CAN"]
[SourceTitle "EXT 2000"]
[Source "ChessBase"]
[SourceDate "1999.11.18"]
[SourceVersion "1"]
[SourceVersionDate "1999.11.18"]
[SourceQuality "1"]

1. c4 Nf6 2. Nc3 c5 3. Nf3 Nc6 4. d4 cxd4 5. Nxd4 g6 6. e4 d6 7. Be2 Bg7 8. Be3 O-O 9. Nc2 b6 10. O-O Bb7 11. f3 Rc8 12. Qd2 Na5 13. Na3 a6 14. Rac1 Nd7 15. Rfd1 Re8 16. Bf1 Nc6 17. Qf2 Nb4 18. Bd4 Qc7 19. Bxg7 Kxg7 20. Nc2 Nxc2 21. Rxc2 Qc5 22. Rcd2 Qxf2+ 23. Kxf2 Ne5 24. Na4 Nxc4 25. Bxc4 Rxc4 26. Nxb6 Rb4 27. Nd5 Bxd5 28. exd5 Rc8 29. b3 Rb5 30. Rd4 Rc2+ 31. R1d2 Rxd2+ 32. Rxd2 Kf6 33. Ke3 a5 34. Rd4 Ke5 35. f4+ Kf6 36. Kd3 e5 37. dxe6 Kxe6 38. Kc3 d5 39. a3 Kd6 40. b4 axb4+ 41. axb4 Rb7 42. g4 f6 43. Kb3 Kc6 44. h4 f5 45. gxf5 gxf5 46. Rd3 Re7 47. Rc3+ Kb6 48. Rc5 Re4 49. Rxd5 Rxf4 50. Ka4 Rxh4 51. Rd6+ Kc7 52. Rf6 Rh1 53. Kb5 h5 54. Rf7+ Kd6 55. Rxf5 h4 1/2-1/2

[Event "North Bay int."]
[Site "North Bay CAN"]
[Date "1999.08.07"]
[Round "8"]
[White "Campbell, Brett"]
[Black "Boehmer, Kris"]
[Result "1/2-1/2"]
[WhiteElo "2197"]
[BlackElo "2154"]
[PlyCount "53"]
[GameId "2160767911742705"]
[EventDate "1999.08.04"]
[EventType "swiss"]
[EventRounds "9"]
[EventCountry "CAN"]

1. c4 Nf6 2. Nc3 c5 3. Nf3 d5 4. cxd5 Nxd5 5. g3 Nc6 6. Bg2 Nc7 7. O-O e5 8. d3 Be7 9. Nd2 Nd4 10. Nc4 f6 11. f4 exf4 12. gxf4 O-O 13. e3 Nf5 14. e4 Nh4 15. f5 Nxg2 16. Kxg2 b5 17. Ne3 Qd7 18. Ned5 Nxd5 19. Nxd5 Re8 20. Qg4 Bb7 21. Nf4 g5 22. h4 Kh8 23. hxg5 fxg5 24. Rh1 gxf4 25. Rxh7+ Kxh7 26. Qg6+ Kh8 27. Qh6+ 1/2-1/2

[Event "North Bay int."]
[Site "North Bay CAN"]
[Date "1999.08.07"]
[Round "8"]
[White "Charest, Johanne"]
[Black "Divljan, Igor"]
[Result "0-1"]
[WhiteElo "2173"]
[BlackElo "2165"]
[PlyCount "26"]
[GameId "2160767911742706"]
[EventDate "1999.08.04"]
[EventType "swiss"]
[EventRounds "9"]
[EventCountry "CAN"]

1. e4 c5 2. Nc3 Nc6 3. f4 g6 4. Nf3 Bg7 5. Bc4 e6 6. d3 Nge7 7. O-O O-O 8. Qe1 d5 9. Bb3 Na5 10. Nd1 c4 11. dxc4 dxc4 12. Ba4 b5 13. Bd2 Nac6 0-1

[Event "North Bay int."]
[Site "North Bay CAN"]
[Date "1999.08.07"]
[Round "8"]
[White "Dougherty, Michael"]
[Black "Chiong, Luiz"]
[Result "0-1"]
[WhiteElo "2257"]
[BlackElo "2387"]
[PlyCount "51"]
[GameId "2160767911742707"]
[EventDate "1999.08.04"]
[EventType "swiss"]
[EventRounds "9"]
[EventCountry "CAN"]

1. d4 Nf6 2. Nf3 g6 3. Nc3 c5 4. e4 cxd4 5. Nxd4 d6 6. Be2 Bg7 7. O-O O-O 8. Nb3 Nc6 9. Bg5 a5 10. a4 Be6 11. f4 Rc8 12. Bf3 Nd7 13. Kh1 Nb6 14. Nd5 Bxb2 15. Rb1 Nxa4 16. Rxb2 Nxb2 17. Qa1 f6 18. Bh6 Nc4 19. Re1 b5 20. Nd4 Bxd5 21. exd5 Nxd4 22. Qxd4 Rf7 23. g4 Qb6 24. Qd3 Qf2 25. Rf1 Qe3 26. Qd1 0-1

[Event "North Bay int."]
[Site "North Bay CAN"]
[Date "1999.08.07"]
[Round "8"]
[White "Duong, Thanh Nha"]
[Black "Glinert, Stephen"]
[Result "1-0"]
[WhiteElo "2332"]
[BlackElo "2191"]
[PlyCount "85"]
[GameId "2160767911742709"]
[EventDate "1999.08.04"]
[EventType "swiss"]
[EventRounds "9"]
[EventCountry "CAN"]
[SourceTitle "EXT 2000"]
[Source "ChessBase"]
[SourceDate "1999.11.18"]
[SourceVersion "1"]
[SourceVersionDate "1999.11.18"]
[SourceQuality "1"]

1. b3 Nf6 2. Bb2 d5 3. e3 g6 4. Bxf6 exf6 5. d4 c5 6. Bd3 Nc6 7. Ne2 Bd6 8. Nbc3 Be6 9. Nb5 c4 10. Nxd6+ Qxd6 11. bxc4 dxc4 12. Be4 Ne7 13. Rb1 Bd5 14. Bxd5 Qxd5 15. O-O O-O 16. Nc3 Qc6 17. d5 Qd7 18. Qd4 Rfd8 19. Rfd1 Kg7 20. Qxc4 Rac8 21. Qd3 Nf5 22. Rb3 Nd6 23. Ne4 Qf5 24. Nxd6 Qxd3 25. cxd3 Rxd6 26. Rxb7 Rxd5 27. Kf1 Ra5 28. Rd2 f5 29. Ke2 Kf6 30. Kf3 Rc6 31. d4 Rca6 32. Rc2 Rb6 33. Rd7 Ke6 34. Rd8 Rba6 35. Rc7 Rxa2 36. Re8+ Kd5 37. Rd7+ Rd6 38. Rxf7 Rb6 39. Re5+ Kc4 40. Rc5+ Kd3 41. Rfc7 Rb3 42. d5 f4 43. d6 1-0

[Event "North Bay int."]
[Site "North Bay CAN"]
[Date "1999.08.07"]
[Round "8"]
[White "Dutton, Warren"]
[Black "McKay, Geoff"]
[Result "1-0"]
[WhiteElo "2025"]
[BlackElo "2159"]
[PlyCount "63"]
[GameId "2160767911742711"]
[EventDate "1999.08.04"]
[EventType "swiss"]
[EventRounds "9"]
[EventCountry "CAN"]

1. d4 Nf6 2. c4 g6 3. Nc3 d5 4. Nf3 Bg7 5. Bf4 O-O 6. h3 h6 7. e3 c5 8. Qb3 cxd4 9. exd4 e6 10. c5 Nc6 11. Rd1 Ne4 12. Bd3 g5 13. Bh2 f5 14. O-O Qf6 15. Bb1 Qf7 16. a3 Na5 17. Qc2 b6 18. Nxe4 dxe4 19. Ne5 Bxe5 20. Bxe5 Ba6 21. Rfe1 Nc4 22. Bh2 Qd7 23. Ba2 Qb5 24. Rc1 Na5 25. Bxe6+ Kh7 26. b4 Nb7 27. cxb6 Qxb6 28. Qc7+ Qxc7 29. Rxc7+ Kg6 30. Be5 Rae8 31. Rg7+ Kh5 32. Bxf5 1-0

[Event "North Bay int."]
[Site "North Bay CAN"]
[Date "1999.08.07"]
[Round "8"]
[White "Filipovich, David"]
[Black "Taylor, Gordon"]
[Result "1/2-1/2"]
[WhiteElo "2236"]
[BlackElo "2301"]
[PlyCount "37"]
[GameId "2160767911742713"]
[EventDate "1999.08.04"]
[EventType "swiss"]
[EventRounds "9"]
[EventCountry "CAN"]
[SourceTitle "EXT 2000"]
[Source "ChessBase"]
[SourceDate "1999.11.18"]
[SourceVersion "1"]
[SourceVersionDate "1999.11.18"]
[SourceQuality "1"]

1. Nf3 Nf6 2. g3 c5 3. Bg2 Nc6 4. d4 e6 5. O-O cxd4 6. Nxd4 Bc5 7. Nxc6 bxc6 8. c4 d5 9. Nc3 O-O 10. Qc2 Qe7 11. Bg5 h6 12. Bxf6 gxf6 13. cxd5 cxd5 14. Rac1 Bb6 15. Rfd1 Bb7 16. Na4 Rac8 17. Qd2 Kg7 18. Nxb6 axb6 19. Qe3 1/2-1/2

[Event "North Bay int."]
[Site "North Bay CAN"]
[Date "1999.08.07"]
[Round "8"]
[White "Hebert, Jean"]
[Black "Paragua, Mark"]
[Result "1/2-1/2"]
[WhiteElo "2454"]
[BlackElo "2268"]
[PlyCount "88"]
[GameId "2160767911742714"]
[EventDate "1999.08.04"]
[EventType "swiss"]
[EventRounds "9"]
[EventCountry "CAN"]
[SourceTitle "EXT 2000"]
[Source "ChessBase"]
[SourceDate "1999.11.18"]
[SourceVersion "1"]
[SourceVersionDate "1999.11.18"]
[SourceQuality "1"]

1. d4 Nf6 2. c4 g6 3. Nc3 Bg7 4. e4 d6 5. f3 O-O 6. Be3 c5 7. d5 e6 8. Bd3 exd5 9. cxd5 Na6 10. Nge2 Rb8 11. Qd2 Nb4 12. Bb1 Re8 13. O-O Nd7 14. f4 b5 15. a3 Na6 16. Bd3 b4 17. Nb5 Qb6 18. axb4 Nxb4 19. Nbc3 a5 20. Bb5 Re7 21. Rad1 Nf6 22. e5 Ng4 23. h3 Nxe3 24. Qxe3 Bb7 25. Bc4 f5 26. Na4 Qd8 27. Nxc5 Qb6 28. Qf2 Bxd5 29. Bxd5+ Nxd5 30. Rxd5 dxc5 31. Rxc5 Qxb2 32. Nd4 Qb6 33. Rfc1 Rd7 34. Rb5 Qa7 35. Rxb8+ Qxb8 36. Qa2+ Kh8 37. Qe6 Rd8 38. Nc6 Qb6+ 39. Kh2 Ra8 40. Qd5 Qe3 41. Rf1 Qe4 42. Qd6 Bf8 43. Qf6+ Bg7 44. Qd6 Bf8 1/2-1/2